| 000 | 01251nam a2200313 c 4500 | ||
|---|---|---|---|
| 999 |
_c199625 _d199625 |
||
| 003 | BLK | ||
| 005 | 20190715151538.0 | ||
| 008 | 180411b bul|||||r ||||||| ||bul|| | ||
| 010 | _aKNG00209014000 | ||
| 020 | _a978-954-8365-93-2 | ||
| 040 | _aBLK | ||
| 041 |
_aBUL _cBUL |
||
| 072 | 7 |
_2bullib _aН8400 _xБългарска поезия Н |
|
| 080 |
_aБългарска литература _b821.163.2 _x-1 _z821.163.2-1 |
||
| 100 | 1 |
_aВангелов, Аспарух Петров _eпърви автор _9386003 |
|
| 139 |
_aВангелов, Аспарух Петров _bВ 19 |
||
| 245 | 1 | 0 |
_aВъзход и падение _bПоезия и проза _cАспарух Петров Вангелов. |
| 257 | _aBGR | ||
| 260 |
_bНовата цивилизация _c2017 _fСофия : Алианс принт |
||
| 300 |
_a120 с. _bс факс. _c21 см |
||
| 380 | _aX | ||
| 500 | _aБиогр. данни за авт. отбелязани на гърба на кор. | ||
| 659 | _aН | ||
| 852 | _aЦб 286363 | ||
| 856 | 4 | _qpdf | |
| 856 | 4 | _qpdf | |
| 942 |
_cKNG _n0 |
||
| 944 |
_aCR _c05.07.2017 _kВиолета_Тройчева |
||
| 944 |
_aED _c14.07.2017 _kГрета_Цуфелде |
||
| 999 | _d199625 | ||